000
00297nam a2200133Ia 4500
008
190216s9999||||xx |||||||||||||| ||und||
100
_a
Janardhanapillai
245
0
_a
Algebra 2
250
_a
1st ed
260
_b
Ajith Book Center
_c
1993
300
_a
116
650
_a
Mathematics
942
_c
BK
999
_c
31058
_d
31058